000 00477nam a2200181Ia 4500
008 151202s9999||||xx |||||||||||||| ||und||
082 _bPNVM-32136
100 _aभावे पु.भा.
245 _aदोन भिंती.
260 _b---
260 _c0
300 _a0
600 _aभावे पु.भा.
630 _aदोन भिंती.
700 _aभावे पु.भा.
730 _aदोन भिंती.
942 _cBOOK
999 _c1298097
_d1298094